|
|
|
|
| LEADER |
00000nab#a22000007a#4500 |
| 001 |
arbauad018655 |
| 003 |
AR-BaUAD |
| 005 |
20250711111639.0 |
| 008 |
960411|||||||||###||||||b###|0###a|spa|| |
| 040 |
|
|
|a AR-BaUAD
|c AR-BaUAD
|b spa
|
| 100 |
|
|
|a Schere, Rolando
|
| 245 |
|
|
|a Revitalización de Avenida de Mayo :
|b el PRAM nuevamente en acción /
|c Rolando Schere; Cristina Fernández; Oscar De Gregoris; Jorge Daniel Tartarini;
|
| 300 |
0 |
|
|b fot., vistas
|
| 653 |
|
|
|a PRAM
|
| 653 |
|
|
|a PROGRAMA DE REVITALIZACION DE AVENIDA DE MAYO
|
| 653 |
|
|
|a AVENIDA DE MAYO
|
| 653 |
|
|
|a BUENOS AIRES, CIUDAD
|
| 653 |
|
|
|a REHABILITACION
|
| 700 |
1 |
|
|a Fernández, Cristina
|
| 700 |
1 |
|
|a De Gregoris, Oscar
|
| 700 |
1 |
|
|a Tartarini, Jorge Daniel
|
| 773 |
0 |
|
|t Revista SCA
|g no. 164 [mayo-jun. 1993], p. 53-64
|
| 942 |
|
|
|c ARTI
|
| 952 |
|
|
|0 0
|1 0
|4 0
|7 0
|9 63575
|a AR-BAuAD
|b AR-BAuAD
|d 2025-07-11
|l 0
|p AAQA018655
|r 2025-07-11 11:16:39
|w 2025-07-11
|y ARTI
|
| 990 |
|
|
|a AQ199
|b TD
|
| 998 |
|
|
|a AAQ
|b BIBUN76
|
| 999 |
|
|
|c 43248
|d 43248
|